Un siecle de chimie physique 1903-1999

Gorde:
Xehetasun bibliografikoak
Formatua: Liburua
Hizkuntza:Vietnamese
Argitaratua: EDP Sciences 2000
Etiketak: Etiketa erantsi
Etiketarik gabe, Izan zaitez lehena erregistro honi etiketa jartzen!
Thư viện lưu trữ: Mạng thư viện Đại học Đà Nẵng
LEADER 00591nam a2200241 4500
001 000021761
003 18209
005 20150423090457.0
008 150423s2000 viesd
020 |c 00 
041 0 |a vie 
082 1 4 |a 541  |b Si-C 
245 1 0 |a Un siecle de chimie physique 1903-1999  |c R. Botter, ..[et al.] 
260 |b EDP Sciences  |c 2000 
300 |a tr.  |c cm. 
OWN |a LSP 
999 |a From the UDN01 
TYP |a Monograph 
TYP |a Printed language 
980 |a Mạng thư viện Đại học Đà Nẵng